L'effectif des clubs de Ligue 1 Uber Eats saison 2022/2023 - Statistiques

Statistiques générales
  • Ce quiz a été pris 255 fois
    152 depuis la dernière actualisation
  • Le résultat moyen est 121 sur 463
Statistiques - réponses
Poste Equipe Réponse % Correct
A Paris Saint-Germain Kylian Mbappé
77%
A Paris Saint-Germain Neymar Jr
76%
A Paris Saint-Germain Lionel Messi
74%
M RC Lens Seko Fofana
74%
G Angers SCO Yahia Fofana
74%
M AS Monaco Youssouf Fofana
74%
G Olympique de Marseille Pau Lopez
71%
A Olympique Lyonnais Alexandre Lacazette
70%
A AS Monaco Wissam Ben Yedder
70%
G Olympique Lyonnais Anthony Lopes
68%
M ESTAC Troyes Rony Lopes
68%
D Paris Saint-Germain Nuno Mendes
66%
D Montpellier HSC Pedro Mendes
66%
M Olympique Lyonnais Thiago Mendes
66%
G Paris Saint-Germain Gianluigi Donnarumma
64%
A LOSC Jonathan David
64%
D Paris Saint-Germain Marquinhos
64%
D OGC Nice Mattia Viti
64%
G Stade Rennais Steve Mandanda
64%
G RC Lens Brice Samba
63%
D Olympique de Marseille Chancel Mbemba
63%
D Paris Saint-Germain Achraf Hakimi
62%
D Paris Saint-Germain Presnel Kimpembe
62%
A Olympique de Marseille Vitinha
62%
M Paris Saint-Germain Vitinha
62%
M Paris Saint-Germain Danilo Pereira
61%
M RC Lens David Pereira Da Costa
61%
M Olympique de Marseille Jordan Veretout
61%
M Stade Brestois 29 Mathias Pereira Lage
61%
M Montpellier HSC Téji Savanier
60%
D Olympique de Marseille Jonathan Clauss
59%
G AS Monaco Alexander Nübel
58%
M Paris Saint-Germain Fabian Ruiz
58%
D RC Lens Facundo Medina
58%
M AJ Auxerre Kays Ruiz-Atil
58%
G LOSC Lucas Chevalier
58%
G ESTAC Troyes Mateusz Lis
58%
A OGC Nice Terem Moffi
58%
G FC Nantes Alban Lafont
57%
A RC Lens Loïs Openda
57%
M Olympique de Marseille Valentin Rongier
56%
A Stade Rennais Amine Gouiri
54%
D OGC Nice Dante
54%
A Montpellier HSC Elye Wahi
54%
M Stade Brestois 29 Mahdi Camara
54%
M Olympique Lyonnais Maxence Caqueret
54%
M AS Monaco Mohamed Camara
54%
A Olympique de Marseille Alexis Sanchez
53%
M Paris Saint-Germain Carlos Soler
53%
D RC Lens Kevin Danso
53%
M Olympique de Marseille Mattéo Guendouzi
53%
D Paris Saint-Germain Sergio Ramos
53%
D FC Nantes Nicolas Pallois
52%
A Olympique Lyonnais Rayan Cherki
52%
A RC Lens Florian Sotoca
51%
A Paris Saint-Germain Hugo Ekitike
51%
D Olympique de Marseille Leonardo Balerdi
51%
M Paris Saint-Germain Marco Verratti
51%
D Olympique de Marseille Samuel Gigot
51%
D AS Monaco Axel Disasi
50%
A Stade de Reims Folarin Balogun
50%
M FC Nantes Ludovic Blas
50%
D FC Nantes Charles Traoré
49%
M Olympique Lyonnais Corentin Tolisso
49%
D Stade Rennais Hamari Traoré
49%
A Stade Rennais Martin Terrier
49%
A Stade Rennais Arnaud Kalimuendo
48%
A Olympique Lyonnais Bradley Barcola
48%
G Paris Saint-Germain Sergio Rico
48%
D Clermont Foot Baïla Diallo
47%
M LOSC Benjamin André
47%
D AS Monaco Caio Henrique
47%
A RC Strasbourg Habib Diallo
47%
D Olympique Lyonnais Henrique
47%
D AC Ajaccio Ismaël Diallo
47%
G OGC Nice Marcin Bulka
47%
M LOSC Rémy Cabella
47%
M FC Lorient Enzo Le Fée
46%
A OGC Nice Gaëtan Laborde
46%
D OGC Nice Jean-Clair Todibo
46%
D OGC Nice Antoine Mendy
44%
M Angers SCO Batista Mendy
44%
M Stade Rennais Benjamin Bourigeaud
44%
A FC Nantes Mostafa Mohamed
44%
D Olympique Lyonnais Nicolas Tagliafico
44%
D Angers SCO Abdoulaye Bamba
42%
M Olympique de Marseille Amine Harit
42%
M AJ Auxerre Birama Touré
42%
D Olympique Lyonnais Castello Lukeba
42%
M RC Strasbourg Ibrahima Sissoko
42%
D AJ Auxerre Isaak Touré
42%
M LOSC Jonas Martin
42%
A LOSC Jonathan Bamba
42%
D RC Lens Jonathan Gradit
42%
D Paris Saint-Germain Juan Bernat
42%
A Stade de Reims Junya Ito
42%
M FC Nantes Moussa Sissoko
42%
D RC Lens Przemyslaw Frankowski
42%
M Paris Saint-Germain Renato Sanches
42%
M AS Monaco Aleksandr Golovin
41%
A Olympique Lyonnais Amin Sarr
41%
M Olympique de Marseille Azzedine Ounahi
41%
A AS Monaco Eliesse Ben Seghir
41%
D AS Monaco Malang Sarr
41%
M FC Nantes Moses Simon
41%
D ESTAC Troyes Adil Rami
40%
M LOSC André Gomes
40%
M LOSC Angel Gomes
40%
M Stade Brestois 29 Karamoko Dembélé
40%
D Olympique Lyonnais Malo Gusto
40%
G Stade Brestois 29 Marco Bizot
40%
A Olympique Lyonnais Moussa Dembélé
40%
D Olympique de Marseille Nuno Tavares
40%
A AJ Auxerre Siriki Dembélé
40%
A FC Nantes Andy Delort
39%
D Olympique Lyonnais Dejan Lovren
39%
G RC Strasbourg Matz Sels
39%
M RC Lens Adrien Thomasson
38%
G Montpellier HSC Benjamin Lecomte
38%
M Olympique de Marseille Dimitri Payet
38%
D LOSC José Fonte
38%
M RC Lens Salis Abdul Samed
38%
A AS Monaco Breel Embolo
37%
A Stade Rennais Jérémy Doku
37%
G OGC Nice Kasper Schmeichel
37%
A RC Strasbourg Kévin Gameiro
37%
G Clermont Foot Mory Diaw
37%
D Paris Saint-Germain Nordi Mukiele
37%
M OGC Nice Sofiane Diop
37%
G Stade de Reims Yehvann Diouf
37%
M RC Lens Angelo Fulgini
36%
G RC Lens Jean-Louis Leca
36%
A Clermont Foot Jérémie Bela
36%
D Olympique Lyonnais Jérôme Boateng
36%
M OGC Nice Khephren Thuram
36%
D Toulouse FC Logan Costa
36%
A ESTAC Troyes Mama Baldé
36%
G Olympique de Marseille Ruben Blanco
36%
D ESTAC Troyes Thierno Baldé
36%
D AS Monaco Vanderson
36%
A Olympique de Marseille Cengiz Ünder
34%
A AJ Auxerre Gaëtan Perrin
34%
A AS Monaco Kevin Volland
34%
D RC Strasbourg Lucas Perrin
34%
A LOSC Mohamed Bayo
34%
D Olympique Lyonnais Sinaly Diomandé
34%
A RC Lens Wesley Saïd
34%
D Stade de Reims Yunis Abdelhamid
34%
D Stade Rennais Adrien Truffert
33%
M Stade Rennais Baptiste Santamaria
33%
M Stade Rennais Désiré Doué
33%
G Angers SCO Paul Bernardoni
33%
M Stade Brestois 29 Pierre Lees-Melou
33%
D Stade Rennais Arthur Theate
32%
G AC Ajaccio Benjamin Leroy
32%
D AS Monaco Guillermo Maripan
32%
M Olympique Lyonnais Johann Lepenant
32%
M Montpellier HSC Léo Leroy
32%
D Olympique Lyonnais Saël Kumbedi
32%
M AC Ajaccio Thomas Mangani
32%
A Montpellier HSC Wahbi Khazri
32%
D OGC Nice Youcef Atal
32%
D RC Lens Deiver Machado
31%
M RC Strasbourg Habib Diarra
31%
A FC Lorient Ibrahima Koné
31%
A AJ Auxerre Mbaye Niang
31%
D OGC Nice Melvin Bard
31%
D Toulouse FC Moussa Diarra
31%
M FC Nantes Quentin Merlin
31%
M FC Lorient Stéphane Diarra
31%
M AS Monaco Takumi Minamino
31%
D AC Ajaccio Youssouf Koné
31%
M Toulouse FC Branco Van Den Boomen
30%
D RC Lens Massadio Haïdara
30%
A Stade Brestois 29 Steve Mounié
30%
G Montpellier HSC Bingourou Kamara
29%
A AJ Auxerre Gauthier Hein
29%
M Olympique Lyonnais Houssem Aouar
29%
M Clermont Foot Johan Gastien
29%
M Clermont Foot Maxime Gonalons
29%
M Angers SCO Nabil Bentaleb
29%
G Olympique Lyonnais Rémy Riou
29%
G FC Lorient Yvon Mvogo
29%
D LOSC Leny Yoro
28%
M AS Monaco Maghnes Akliouche
28%
A OGC Nice Nicolas Pépé
28%
M FC Nantes Pedro Chirivella
28%
A Toulouse FC Thijs Dallinga
28%
A AC Ajaccio Youcef Belaïli
28%
A Montpellier HSC Arnaud Nordin
27%
D LOSC Bafodé Diakité
27%
A FC Lorient Bamba Dieng
27%
D RC Strasbourg Colin Dagba
27%
A FC Nantes Evann Guessand
27%
M Montpellier HSC Jordan Ferri
27%
M Stade Rennais Lovro Majer
27%
D Montpellier HSC Mamadou Sakho
27%
M Stade Brestois 29 Romain Del Castillo
27%
A AC Ajaccio Romain Hamouma
27%
D Olympique de Marseille Sead Kolasinac
27%
M Toulouse FC Stijn Spierings
27%
A LOSC Edon Zhegrova
26%
D FC Lorient Igor Silva
26%
D Olympique de Marseille Issa Kaboré
26%
D FC Nantes Jean-Charles Castelletto
26%
M RC Strasbourg Morgan Sanson
26%
M FC Lorient Romain Faivre
26%
D AS Monaco Ruben Aguilar
26%
M FC Nantes Samuel Moutoussamy
26%
D Stade Rennais Warmed Omari
26%
D FC Nantes Andrei Girotto
24%
D Stade Brestois 29 Brendan Chardonnet
24%
A Stade Brestois 29 Jérémy Le Douaron
24%
D Stade Brestois 29 Kenny Lala
24%
M FC Lorient Laurent Abergel
24%
G Toulouse FC Maxime Dupé
24%
M FC Nantes Florent Mollet
23%
D LOSC Ismaïly
23%
M Montpellier HSC Joris Chotard
23%
A Stade Rennais Karl Toko-Ekambi
23%
A Angers SCO Loïs Diony
23%
M AC Ajaccio Mathieu Coutadeur
23%
D LOSC Tiago Djalo
23%
G LOSC Benoît Costil
22%
D Stade Rennais Birger Meling
22%
M Stade Brestois 29 Franck Honorat
22%
G ESTAC Troyes Gauthier Gallon
22%
D FC Lorient Gédéon Kalulu
22%
A Olympique Lyonnais Jeffinho
22%
M AS Monaco Krépin Diatta
22%
G AJ Auxerre Donovan Léon
21%
A AJ Auxerre Matthis Abline
21%
M Angers SCO Pierrick Capelle
21%
G FC Nantes Rémy Descamps
21%
A Montpellier HSC Valère Germain
21%
A Angers SCO Abdallah Sima
20%
G AJ Auxerre Andrei Ionut Radu
20%
D Stade Brestois 29 Bradley Locko
20%
D Montpellier HSC Falaye Sacko
20%
D OGC Nice Jordan Lotomba
20%
D AJ Auxerre Jubal
20%
D Stade Brestois 29 Lilian Brassier
20%
D Montpellier HSC Maxime Estève
20%
A AJ Auxerre Nuno Da Costa
20%
A Olympique de Marseille Ruslan Malinovskyi
20%
D OGC Nice Youssouf Ndayishimiye
20%
D Clermont Foot Alidu Seidu
19%
D Stade Rennais Christopher Wooh
19%
M RC Strasbourg Dimitri Liénard
19%
G Stade Rennais Dogan Alemdar
19%
M OGC Nice Hicham Boudaoui
19%
M Stade Brestois 29 Hugo Magnetti
19%
D Angers SCO Ilyes Chetti
19%
D Stade Rennais Joe Rodon
19%
M OGC Nice Pablo Rosario
19%
D Stade de Reims Thomas Foket
19%
D FC Lorient Vincent Le Goff
19%
M AC Ajaccio Vincent Marchetti
19%
M RC Lens Alexis Claude-Maurice
18%
M FC Lorient Ayman Kari
18%
M Stade de Reims Azor Matusiwa
18%
D AC Ajaccio Clément Vidal
18%
M AS Monaco Eliot Matazo
18%
D Olympique de Marseille Eric Bailly
18%
M Stade Rennais Flavien Tait
18%
M RC Lens Jean Onana
18%
M Stade de Reims Kamory Doumbia
18%
D Stade Rennais Lorenz Assignon
18%
M Stade de Reims Marshall Munetsi
18%
M Clermont Foot Muhammed Cham
18%
D Angers SCO Souleyman Doumbia
18%
A Montpellier HSC Stephy Mavididi
18%
D Paris Saint-Germain El Chadaille Bitshiabu
17%
M AS Monaco Gelson Martins
17%
A FC Nantes Ignatius Ganago
17%
D Stade Rennais Jeanuël Belocian
17%
D RC Lens Jimmy Cabot
17%
A ESTAC Troyes Renaud Ripart
17%
M Clermont Foot Saïf-Eddine Khaoui
17%
M FC Lorient Théo Le Bris
17%
A AC Ajaccio Yoann Touzghar
17%
D RC Strasbourg Alexander Djiku
16%
D AC Ajaccio Cédric Avinel
16%
D Montpellier HSC Faitout Maouassa
16%
D AJ Auxerre Gideon Mensah
16%
A Clermont Foot Grejohn Kyei
16%
M ESTAC Troyes Jeff Reine-Adélaïde
16%
M FC Lorient Julien Ponceau
16%
A RC Strasbourg Lebo Mothiba
16%
D FC Lorient Montassar Talbi
16%
D Toulouse FC Rasmus Nicolaisen
16%
A AC Ajaccio Riad Nouri
16%
G FC Lorient Vito Mannone
16%
M OGC Nice Aaron Ramsey
14%
M LOSC Adam Ounas
14%
A Angers SCO Adrien Hunou
14%
A OGC Nice Billal Brahimi
14%
D FC Nantes Fabien Centonze
14%
A Angers SCO Ibrahima Niane
14%
M Stade Rennais Lesley Ugochukwu
14%
A FC Nantes Marcus Coco
14%
M AJ Auxerre Mathias Autret
14%
A AC Ajaccio Mounaïm El-Idrissy
14%
A AS Monaco Myron Boadu
14%
A FC Lorient Siriné Doucouré
14%
A LOSC Timothy Weah
14%
A ESTAC Troyes Wilson Odobert
14%
M Stade Rennais Xeka
14%
A Toulouse FC Zakaria Aboukhlal
14%
A Toulouse FC Ado Onaiwu
13%
D AJ Auxerre Akim Zedadka
13%
D Toulouse FC Anthony Rouault
13%
M OGC Nice Badredine Bouanani
13%
D Clermont Foot Cheick Konaté
13%
M Toulouse FC Farès Chaïbi
13%
D AS Monaco Ismail Jakobs
13%
D Montpellier HSC Issiaga Sylla
13%
D Stade Brestois 29 Jean-Kévin Duverne
13%
M RC Strasbourg Jean-Ricner Bellegarde
13%
D RC Lens Julien Le Cardinal
13%
D Clermont Foot Maximiliano Caufriez
13%
D AC Ajaccio Mohamed Youssouf
13%
D Clermont Foot Neto Borges
13%
A Toulouse FC Rhys Healey
13%
M OGC Nice Ross Barkley
13%
D FC Nantes Sébastien Corchia
13%
D Paris Saint-Germain Timothée Pembélé
13%
D ESTAC Troyes Abdu Conté
12%
M Toulouse FC Brecht Dejaegere
12%
D Stade de Reims Emmanuel Agbadou
12%
D RC Strasbourg Frédéric Guilbert
12%
D LOSC Gabriel Gudmundsson
12%
D Toulouse FC Gabriel Suazo
12%
M Angers SCO Himad Abdelli
12%
M Stade de Reims Jens Cajuste
12%
A Clermont Foot Jim Allevinah
12%
D FC Lorient Julien Laporte
12%
A Clermont Foot Komnen Andric
12%
D AJ Auxerre Théo Pellenard
12%
M ESTAC Troyes Xavier Chavalerin
12%
D Stade Brestois 29 Achraf Dari
11%
D LOSC Alexsandro
11%
D AS Monaco Chrislain Matsima
11%
D Stade Brestois 29 Christophe Hérelle
11%
D Montpellier HSC Christopher Jullien
11%
G RC Strasbourg Eiji Kawashima
11%
D Clermont Foot Florent Ogier
11%
D RC Strasbourg Gerizno Nyamsi
11%
M AJ Auxerre Han-Noah Massengo
11%
A Stade Rennais Ibrahim Salah
11%
D FC Nantes Jaouen Hadjam
11%
M AS Monaco Jean Lucas
11%
A AJ Auxerre Lassine Sinayoko
11%
D Clermont Foot Mehdi Zeffane
11%
D AC Ajaccio Oumar Gonzalez
11%
M Angers SCO Sada Thioub
11%
D Stade de Reims Thibault De Smet
11%
M Toulouse FC Vincent Sierro
11%
M Clermont Foot Yohann Magnin
11%
M OGC Nice Alexis Beka Beka
10%
M LOSC Carlos Baleba
10%
D Angers SCO Cédric Hountondji
10%
M AJ Auxerre Hamza Sakhi
10%
D Montpellier HSC Kiki Kouyaté
10%
A Stade Brestois 29 Loïc Rémy
10%
D Montpellier HSC Théo Sainte-Luce
10%
D RC Strasbourg Thomas Delaine
10%
A LOSC Alan Virginius
9%
M Stade de Reims Alexis Flips
9%
A Angers SCO Amine Salama
9%
D FC Lorient Bamo Méïté
9%
G AC Ajaccio François-Joseph Sollacaro
9%
D FC Nantes João Victor
9%
M Montpellier HSC Khalil Fayad
9%
D Toulouse FC Mikkel Desler
9%
A Stade de Reims Mitchell Van Bergen
9%
A AC Ajaccio Moussa Soumano
9%
M AJ Auxerre Rayan Raveloson
9%
M ESTAC Troyes Rominigue Kouamé
9%
M RC Strasbourg Sanjin Prcic
9%
M FC Lorient Bonke Innocent
8%
D FC Lorient Darlin Yongwa
8%
D AJ Auxerre Denys Bain
8%
D Stade Rennais Djed Spence
8%
M Stade Brestois 29 Haris Belkebla
8%
D OGC Nice Joe Bryan
8%
A AC Ajaccio Kevin Spadanuda
8%
G Toulouse FC Kjetil Haug
8%
M RC Lens Lukasz Poreba
8%
M AC Ajaccio Michaël Barreto
8%
D AC Ajaccio Mickaël Alphonse
8%
G Clermont Foot Ouparine Djoco
8%
A Toulouse FC Rafael Ratao
8%
G AS Monaco Thomas Didillon
8%
D Angers SCO Yan Valery
8%
D ESTAC Troyes Yoann Salmier
8%
M AJ Auxerre Youssouf M'Changama
8%
A RC Lens Adam Buksa
7%
M Stade de Reims Arber Zeneli
7%
A AC Ajaccio Cyrille Bayala
7%
A Clermont Foot Elbasan Rashani
7%
D ESTAC Troyes Eric Palmer-Brown
7%
D AC Ajaccio Fernand Mayembo
7%
M AC Ajaccio Florian Chabrolle
7%
D Angers SCO Halid Sabanovic
7%
M RC Strasbourg Jean-Eudes Aholou
7%
M FC Lorient Jean-Victor Makengo
7%
D Clermont Foot Mateusz Wieteska
7%
D Clermont Foot Souleymane Cissé
7%
M AC Ajaccio Yanis Cimignani
7%
D Stade de Reims Cheick Keita
6%
M Stade de Reims Dion Lopy
6%
D Montpellier HSC Enzo Tchato
6%
A Angers SCO Farid El Melali
6%
M Stade Brestois 29 Félix Lemaréchal
6%
M ESTAC Troyes Florian Tardieu
6%
A ESTAC Troyes Iké Ugbo
6%
D AJ Auxerre Julian Jeanvier
6%
D Stade de Reims Maxime Busi
6%
D Stade Brestois 29 Noah Fadiga
6%
A RC Lens Rémy Labeau Lascary
6%
M FC Lorient Adil Aouchiche
4%
D RC Strasbourg Eduard Sobol
4%
D RC Lens Ismaël Boura
4%
D RC Strasbourg Ismaël Doukouré
4%
D AJ Auxerre Kenji-Van Boto
4%
D RC Strasbourg Maxime Le Marchand
4%
D Angers SCO Miha Blazic
4%
D RC Lens Steven Fortes
4%
D Montpellier HSC Thibault Tamas
4%
D ESTAC Troyes Yasser Larouci
4%
A FC Lorient Yoann Cathline
4%
A Clermont Foot Aïman Maurer
3%
A Stade Brestois 29 Alberth Elis
3%
G Stade de Reims Alexandre Olliero
3%
M ESTAC Troyes Ante Palaversa
3%
M Toulouse FC Denis Genreau
3%
D ESTAC Troyes Jackson Porozo
3%
G Stade Brestois 29 Joaquin Blazquez
3%
A Stade de Reims Kaj Sierhuis
3%
D Toulouse FC Kévin Keben
3%
A Stade de Reims Myziane Maolida
3%
M OGC Nice Reda Belahyane
3%
A AJ Auxerre Rémy Dugimont
3%
A Stade Brestois 29 Taïryk Arconte
3%
M Angers SCO Waniss Taïbi
3%
M Angers SCO Zinédine Ould Khaled
3%
A Montpellier HSC Béni Makouana
2%
D AC Ajaccio Chaker Alhadhur
2%
D ESTAC Troyes Eric N'Jo
2%
D Angers SCO Faouzi Ghoulam
2%
A ESTAC Troyes Lucien Agoumé
2%
A Stade de Reims Noah Holm
2%
D Clermont Foot Oliver Kamdem
2%
A Toulouse FC Veljko Birmancevic
2%
D Toulouse FC Warren Kamanzi
2%
M Clermont Foot Yanis Massolin
2%
D ESTAC Troyes Andreas Bruus
1%
A ESTAC Troyes Levi Lumeka
1%
M RC Strasbourg Nordine Kandil
1%
D Toulouse FC Oliver Zanden
1%
A ESTAC Troyes Papa Yade
1%
M Toulouse FC Theocharis Tsingaras
1%
Aucun quiz correspondant
Distribution des résultats
% des personnes avec chaque résultat
Percentile par nombre de réponses
Votre historique - résultats
Vous n’avez pas pris ce quiz depuis la dernière actualisation